000 02677 a2200289 4500
001 22375
005 20260407155514.0
008 260407a1992 arg spa d
003 AR-UNSa-BCEJYS
040 _aAR-UNSa-BCEJYS
_bspa
_cAR-UNSa-BCEJYS
080 _a336.1
_xFinanzas Públicas. Finanzas del gobierno en general
245 1 0 _aHacienda pública
_pteórica y aplicada
020 _a978-84-7615-756-5
250 _a5a. ed
264 1 _aMadrid :
_bMcGraw-Hill
_c1992
300 _axviii, 779 p.
_c24 cm.
505 _a1. Las funciones fiscales: una panorámica - 2. El sector público en la contabilidad nacional - 3. Instituciones fiscales - 4. Provisión de bienes públicos - 5. Otra consideración de los bienes sociales - 6. Equidad en la distribución - 7. Elección pública y política fiscal - 8. Gastos públicos: estructura y crecimiento - 9. Evaluación del gasto: principios - 10. Estudios empíricos sobre política de gasto. Servicios públicos - 11. Estudios empíricos sobre política de gasto. Mantenimiento de renta y seguridad social - 12. Introducción a la imposición - 13. Enfoques de la equidad tributaria - 14. Incidencia de los impuestos y de los gastos. Una panorámica - 15. Principios de la incidencia impositiva - 16. El exceso de gravamen y el diseño impositivo - 17. Efectos de la imposición sobre la capacidad productiva: una perspectiva de oferta - 18. Desarrollo y composición de la estructura tributaria de los Estados Unidos - 19. El impuesto sobre la renta personal: definición de renta imponible - 20. Impuesto sobre la renta personal: otros problemas - 21. El impuesto sobre la renta de sociedades: estructura e integración - 22. El impuesto sobre la renta de sociedades: cuestiones adicionales - 23. Impuestos sobre el consumo - 24. Los impuestos sobre la propiedad y la riqueza - 25. Impuestos sucesivos - 26. El impuesto sobre las nóminas - 27. Principios de la hacienda multijurisdiccional - 28. Principios de la hacienda federal - 29. La estructura del federalismo fiscal en los Estados Unidos - 30. Principios de la política de estabilización - 31. otras cuestiones de política fiscal - 32. La economía de la deuda pública - 33. Coordinación fiscal internacional - 34. Hacienda del desarrollo
942 _cBK
590 _aniveau_biblio:m niveau_hierar:0
100 1 _aMusgrave, Richard A.
700 1 _aMusgarve, Peggy B.
700 1 _aCorona Ramon, Juan Francisco
700 1 _aCostas Terrones, Juan Carlos
700 1 _aDiaz Alvarez, Amelia
700 1 _aLozano Irueste, Jose María
856 4 1 _uhttps://www.biblioeco.unsa.edu.ar/pmb/images/libros/L128173.jpg
_yImagen de portada
_qimage/jpeg
999 _c992
_d992